书目信息 |
| 题名: |
2015国家司法考试法律法规汇编
|
|
| 作者: | ;飞跃司考辅导中心 编 | |
| 分册: | 第三卷 [民法·商法·民事诉讼法与仲裁制度] | |
| 出版信息: | 北京 中国法制出版社 2014.10 |
|
| 页数: | 756页 | |
| 开本: | 19cm | |
| 丛书名: | 飞跃版司法考试用书 | |
| 单 册: | ||
| 中图分类: | D920.9 | |
| 科图分类: | ||
| 主题词: | 法律--fa lu^--中国--汇编 | |
| 电子资源: | ||
| ISBN: | 978-7-5093-5652-4 | |
| 000 | 01191nam 2200301 450 | |
| 001 | CAL 0120141419015 | |
| 005 | 20150822121213.56 | |
| 010 | @a978-7-5093-5652-4@dCNY49.00 | |
| 100 | @a20141203d2014 em y0chiy50 ea | |
| 101 | 0 | @achi |
| 102 | @aCN@b110000 | |
| 105 | @ak z 000yy | |
| 106 | @ar | |
| 200 | 1 | @a2015国家司法考试法律法规汇编@A2015 guo jia si fa kao shi fa lu^ fa gui hui bian@e便携本@f飞跃司考辅导中心编@Ffei yue si kao fu dao zhong xin bian@h第三卷@i[民法·商法·民事诉讼法与仲裁制度] |
| 210 | @a北京@c中国法制出版社@d2014.10 | |
| 215 | @a756页@d19cm | |
| 225 | 2 | @a飞跃版司法考试用书@Afei yue ban si fa kao shi yong shu |
| 300 | @a飞跃版 | |
| 304 | @a分辑题名取自封面 | |
| 330 | @a本书全面准确收录了目前复习司法考试第三卷所需的法律法规, 主要包括: 民法、商法和民事诉讼法。 | |
| 410 | 0 | @12001 @a飞跃版司法考试用书 |
| 517 | 1 | @a民法·商法·民事诉讼法与仲裁制度@Amin fa · shang fa · min shi su song fa yu zhong cai zhi du@a便携本 |
| 586 | @a | |
| 606 | 0 | @a法律@Afa lu^@y中国@j汇编 |
| 690 | @aD920.9@v5 | |
| 711 | 02 | @a飞跃司考辅导中心@Afei yue si kao fu dao zhong xin@4编 |
| 801 | 0 | @aCN@c20150820 |
| 905 | @a河南城建学院图书馆@dD920.9@eF3142:3@f1 | |
| 2015国家司法考试法律法规汇编:便携本/飞跃司考辅导中心编.第三卷.[民法·商法·民事诉讼法与仲裁制度].-北京:中国法制出版社,2014.10 |
| 756页;19cm.-(飞跃版司法考试用书) |
| 飞跃版 |
| ISBN 978-7-5093-5652-4:CNY49.00 |
| 本书全面准确收录了目前复习司法考试第三卷所需的法律法规, 主要包括: 民法、商法和民事诉讼法。 |
| ● |
| 相关链接 |
|
|
|
正题名:2015国家司法考试法律法规汇编
索取号:D920.9/F3142:3
 
预约/预借
| 序号 | 登录号 | 条形码 | 馆藏地/架位号 | 状态 | 备注 |
| 1 | 1168032 | 211680322 | 社科库509/509社科库 84排1列5层/ [索取号:D920.9/F3142:3] | 在馆 |